000 00866nac a22002657a 4500
001 BR0504920
003 BR-BrBNA
005 20240105123221.0
008 230509b bl.|||m| |||| 00| 0 por d
040 _aBR-BrBNA
_bpor
_cBiblioteca Nacional de Agricultura
072 _aL40
090 _a5600 BR0504920
100 1 _aRomeiro, M.M.
110 1 _aSecretaria da Agricultura, São Paulo, SP (Brasil). Depto. da Produção Animal
245 1 _aCaracteres do pelo do coelho Angora
260 3 _aSão Paulo, SP (Brasil):
_c[nd].
300 _a3 p.
490 _aSérie de Vulgarização. Cunicultura - Secretaria da Agricultura. Depto. da Produção Animal (Brazil)
_vno. 20
_x
650 _aCOELHO ANGORÁ
650 _aPELO
650 _aTAMANHO
650 _aESTRUTURA ANIMAL
909 _a202312
_bLúcia Elande
_c55
_dLúcia Elande
942 _2AGRIS
_n0
_cMS
999 _c294484
_d294484